Teoría microeconómica (Record no. 79131)

MARC details
000 -LEADER
campo de control de longitud fija 00720nam a2200205 i 4500
001 - NÚMERO DE CONTROL
campo de control 79131
003 - IDENTIFICADOR DE NÚMERO DE CONTROL
campo de control ES-MaACL
005 - FECHA Y HORA DE LA ÚLTIMA TRANSACCIÓN
campo de control 20230906173916.0
007 - CAMPO FIJO DE DESCRIPCIÓN FÍSICA--INFORMACIÓN GENERAL
campo de control de longitud fija t|
008 - DATOS DE LONGITUD FIJA--INFORMACIÓN GENERAL
campo de control de longitud fija 041019s1975 sp ||||1| spa d
100 1# - ENTRADA PRINCIPAL--NOMBRE DE PERSONA
Nombre de persona Henderson, James M.
9 (RLIN) 62519
245 10 - MENCIÓN DEL TÍTULO
Título Teoría microeconómica
Resto del título : una aproximación matemática /
Mención de responsabilidad, etc. por James M. Henderson, Richard E. Quandt ; prólogo de Emilio de Figueroa ; traduccion de José Ramón Lasuen.
250 ## - MENCION DE EDICION
Mención de edición 2ª ed. rev. y aum.
260 ## - PUBLICACIÓN, DISTRIBUCIÓN, ETC.
Lugar de publicación, distribución, etc. Barcelona :
Nombre del editor, distribuidor, etc. Ariel,
Fecha de publicación, distribución, etc. [1975]
300 ## - DESCRIPCIÓN FÍSICA
Extensión XVI, 499 p. ;
Dimensiones 23 cm.
700 1# - ENTRADA AGREGADA--NOMBRE PERSONAL
Nombre de persona Quandt, Ricahrd E.
9 (RLIN) 94483
700 1# - ENTRADA AGREGADA--NOMBRE PERSONAL
Nombre de persona Figueroa, Emilio de.
9 (RLIN) 50780
700 1# - ENTRADA AGREGADA--NOMBRE PERSONAL
Nombre de persona Lasuén, José Ramón.
9 (RLIN) 70506
852 ## - LOCALIZACIÓN
Ubicación ES-MaACL
Número de control de estantería E-9739
Sublocalización o colección R.94016
Holdings
Estatus retirado Estado de pérdida Estado de daño No para préstamo Biblioteca de origen Biblioteca actual Ubicación en estantería Fecha de adquisición Fuente de adquisición Total de préstamos Signatura topográfica completa Código de barras Visto por última vez Precio de reemplazo Tipo de ítem Koha
        Biblioteca del Ateneo de Madrid Biblioteca del Ateneo de Madrid Depósito 2 17/01/2008     E-9739 1082754 23/02/2023 23/02/2023 Libro impreso